000 01052cam a22002774a 4500
999 _c126917
_d126917
001 1686840
003 ARRUPE
005 20170907111949.0
008 990624s2000 inu b 001 0 eng
010 _a 99038114
020 _a0268013306 (cloth : alk. paper)
040 _aDLC
_cDLC
_dDLC
042 _apcc
050 0 0 _aBX1920
_b.L39 2000
082 0 0 _a262/.142/09
_221
245 0 0 _aLay sanctity, medieval and modern :
_ba search for models /
_cedited by Ann W. Astell,
260 _aNotre Dame, Ind. :
_bUniversity of Notre Dome Press,
_cc2000.
300 _ax, 250 p. ;
_c24 cm.
504 _aIncludes bibliographical references (p.193-232) and index.
650 0 _aLaity
_xCatholic Church
_xHistory of doctrines.
_935652
650 0 _aLaity
_xReligious life
_xHistory.
_935653
650 0 _aChristian saints.
_911228
700 1 _aAstell, Ann W.
_921244
_eed.
906 _a7
_bcbc
_corignew
_d1
_eocip
_f19
_gy-gencatlg
942 _2lcc
_cMONOGRAPH